All Deer - Statistics

General Stats
  • This quiz has been taken 25 times
  • The average score is 17 of 54
Answer Stats
Genus Species Answer % Correct
Alces alces Moose
100%
Cervus canadensis Elk
94%
Rangifer tarandus Caribou / Reindeer
89%
Odocoileus virginianus White-tailed Deer
89%
Cervus elaphus Red Deer
78%
Odocoileus hemionus Mule Deer
67%
Cervus nippon Sika Deer
61%
Pudu puda Southern Pudu
61%
Capreolus capreolus Roe Deer
56%
Dama dama European Fallow Deer
50%
Hydropotes inermis Water Deer
50%
Axis axis Chital
39%
Pudella mephistophiles Northern Pudu
39%
Muntiacus reevesi Reeve's Muntjac
39%
Rucervus duvaucelii Barasingha
33%
Blastocerus dichotomus Marsh Deer
33%
Muntiacus vaginalis Northern Red Muntjac
33%
Rusa unicolor Sambar
33%
Rusa timorensis Javan Rusa
28%
Dama mesopotamica Persian Fallow Deer
28%
Muntiacus rooseveltorum Roosevelt's Muntjac
28%
Capreolus pygargus Siberian Roe Deer
28%
Muntiacus muntjak Southern Red Muntjac
28%
Muntiacus truongsonensis Annamite Muntjac
22%
Axis kuhlii Bawean Deer
22%
Muntiacus feae Fea's Muntjac
22%
Muntiacus gongshanensis Gongshan Muntjac
22%
Subulo gouazoubira Grey Brocket
22%
Muntiacus putaoensis Leaf Muntjac
22%
Hippocamelus antisensis Northern Guemal
22%
Ozotoceros bezoarticus Pampas Deer
22%
Muntiacus puhoatensis Pu Hoat Muntjac
22%
Mazama americana Red Brocket
22%
Mazama bororo Small Red Brocket
22%
Hippocamelus bisulcus Southern Guemal
22%
Odocoileus pandora Yucatan Brown Brocket
22%
Muntiacus crinifrons Black Muntjac
17%
Axis calamianensis Calamian Deer
17%
Mazama chunyi Dwarf Brocket
17%
Panolia eldii Eld's Deer
17%
Axis porcinus Indian Hog Deer
17%
Elaphurus davidianus Père David's Deer
17%
Rusa marianna Philippine Deer
17%
Cervus hanglu Tarim Red Deer
17%
Cervus albirostris Thorold's Deer
17%
Elaphodus cephalophus Tufted Deer
17%
Rusa alfredi Visayan Deer
17%
Mazama nemorivagus Amazon Brown Brocket
11%
Muntiacus atherodes Bornean Yellow Muntjac
11%
Muntiacus vuquangensis Giant Muntjac
11%
Mazama bricenii Mérida Brocket
11%
Mazama temama Mexican Red Brocket
6%
Mazama nana Pygmy Brocket
6%
Mazama tienhoveni White Brocket
0%
No matching quizzes found
Score Distribution
Percent of People with Each Score
Percentile by Number Answered
Your Score History
You have not taken this quiz